Principios de administración (Registro nro. 432)

Detalles MARC
000 -LEADER
fixed length control field 01695 a2200241 4500
001 - CONTROL NUMBER
control field 4478
005 - DATE AND TIME OF LATEST TRANSACTION
control field 20260407155436.0
008 - FIXED-LENGTH DATA ELEMENTS--GENERAL INFORMATION
fixed length control field 260407a1981 arg spa d
003 - CONTROL NUMBER IDENTIFIER
control field AR-UNSa-BCEJYS
040 ## - CATALOGING SOURCE
Original cataloging agency AR-UNSa-BCEJYS
Language of cataloging spa
Transcribing agency AR-UNSa-BCEJYS
080 ## - UNIVERSAL DECIMAL CLASSIFICATION NUMBER
Universal Decimal Classification number 658
Common auxiliary subdivision Administración de empresas. Organización comercial
020 ## - INTERNATIONAL STANDARD BOOK NUMBER
International Standard Book Number 950-02-5030-6
100 1# - MAIN ENTRY--PERSONAL NAME
Personal name Terry, George R.
245 10 - TITLE STATEMENT
Title Principios de administración
250 ## - EDITION STATEMENT
Edition statement 6a. ed.
264 #1 - PRODUCTION, PUBLICATION, DISTRIBUTION, MANUFACTURE, AND COPYRIGHT NOTICE
Place of production, publication, distribution, manufacture Buenos Aires :
Name of producer, publisher, distributor, manufacturer El Ateneo
Date of production, publication, distribution, manufacture, or copyright notice 1981
300 ## - PHYSICAL DESCRIPTION
Extent 169 p.
Dimensions 26 cm.
505 ## - FORMATTED CONTENTS NOTE
Formatted contents note 1. Enfoques para el estudio de la administración - 2. Funciones de los administradores - 3. Objetivos - 4. La decisión en administración - 5. Los métodos cuantitativos en la decisión gerencial - 6. El planeamiento - 7. Pronósticos, premisas, estrategias y planeamiento - 8. Tipos de planes - 9. Cómo poner los planes en acción - 10. Conceptos de organización - 11. Inferencias personales y sociales de la organización - 12. Departamentalización - 13. Autoridad - 14. El personal en la organización - 15. Dinámica de la organización - 16. La motivación y los gerentes modernos - 17. El mando - 18. La comunicación - 19. El liderazgo en la administración - 20. Evaluación y perfeccionamiento de los gerentes - 21. El control - 22. Controles clave en la administarción - 23. Controles generales - 24. Control presupuestario y PERT - 25. La administración en el extranjero - 26. La administración en el futuro
590 ## - LOCAL NOTE (RLIN)
Local note niveau_biblio:m niveau_hierar:0
700 1# - ADDED ENTRY--PERSONAL NAME
Personal name Rue, Leslie
856 41 - ELECTRONIC LOCATION AND ACCESS
Uniform Resource Identifier <a href="https://t3.gstatic.com/images?q=tbn:ANd9GcS4ZGu1iCclbaO5KZdSbqzWnKgxjGq4OWYO_15eV-NHKyL-m4npdQ">https://t3.gstatic.com/images?q=tbn:ANd9GcS4ZGu1iCclbaO5KZdSbqzWnKgxjGq4OWYO_15eV-NHKyL-m4npdQ</a>
Link text Imagen de portada
Electronic format type image/jpeg
942 ## - ADDED ENTRY ELEMENTS (KOHA)
Koha item type
Existencias
Withdrawn status Lost status Damaged status Not for loan Home library Current library Shelving location Date acquired Total checkouts Full call number Barcode Date last seen Price effective from Koha item type
        Biblioteca Prof. Eusebio Cleto del Rey Biblioteca Prof. Eusebio Cleto del Rey   07/04/2026   658 T329 6ed. L44109 07/04/2026 07/04/2026 Libro
        Biblioteca Prof. Eusebio Cleto del Rey Biblioteca Prof. Eusebio Cleto del Rey   07/04/2026   658 T329 6ed. L44113 07/04/2026 07/04/2026 Libro
        Biblioteca Prof. Eusebio Cleto del Rey Biblioteca Prof. Eusebio Cleto del Rey   07/04/2026   658 T329 6ed. L44110 07/04/2026 07/04/2026 Libro